000 01029nam a2200277 i 4500
003 DO-SdBNP
005 20240313133356.0
007 ta
008 190808s1989 dr 000 spa d
040 _aDO-SdBNP
_bspa
_cBNPHU
_erda
082 4 _a347.729305
_bP438p, 1989
100 1 _aPèrez Mèndez, Artagnan,
_d1929-2017
_eautor
_977104
245 1 0 _aProcedimiento civil :
_blas vías de ejecución y las vías de distribución /
_cArtagnan Pérez Méndez
264 _aSanto Domingo :
_bTaller,
_c1989.
300 _avolumenes ;
_c24 cm.
336 _2rdacontent
_atexto
_btxt
337 _2rdamedia
_asin mediación
_bn
338 _2rdacarrier
_avolumen
_bnc
500 _aIncluye referencias bibliográficas y notas al pie de las páginas
504 _aBibliografía : p. 377-381
505 _av.3
_tLas vías de ejecución y las vías de distribución
590 _aInventariado, 2022/BT
650 4 _aProcedimiento civil
_zRepública Dominicana
_916575
910 _aValidado. Control de calidad MFF
942 _2ddc
_cLBS1
999 _c48768
_d48768